000 00470nam a22001937a 4500
003 MPLRDC
005 20220104114515.0
008 210129b ||||| |||| 00| 0 eng d
020 _a962-988-116-0
082 _a857.621 NK-64 v.3
100 _a倪匡
245 _a泥沼火人
_c
250 _a初版
260 _a香港
_b利文出版社
_c2004
300 _b182
490 _a倪匡非人协会系: 03
650 _a科幻小说
942 _cBK
_o857.621 NK-64 v.3
999 _c8018
_d8008